Η παρακμή του αστικού πολιτισμού : απο τη μοντέρνα στη μεταμοντέρνα εποχή και απο το φιλελευθερισμό στη μαζική δημοκρατία

Αποθηκεύτηκε σε:
Λεπτομέρειες βιβλιογραφικής εγγραφής
Κύριος συγγραφέας: Κονδύλης, Παναγιώτης, 1943-1998
Μορφή: Βιβλίο
Γλώσσα:Greek
German
Δημοσίευση: Αθήνα : Θεμέλιο, 1991.
Έκδοση:2η εκδ.
Σειρά:Ιστορική βιβλιοθήκη (Θεμέλιο (Εταιρεία))
Θέματα:
Ετικέτες: Προσθήκη ετικέτας
Δεν υπάρχουν, Καταχωρήστε ετικέτα πρώτοι!

MARC

LEADER 00000cam a2200000 i 4500
001 1/97588
008 950220s1991 gr | ||| |||| ||gre||
020 |a 9603101508 
035 |l 10031134 
040 |a GR-MyUA  |b gre  |e AACR2 
041 1 |a gre  |h ger 
082 0 |a 320.51  
082 7 |a 320.5   |2 (23)  
100 1 |a Κονδύλης, Παναγιώτης,   |d 1943-1998. 
245 1 2 |a Η παρακμή του αστικού πολιτισμού :   |b απο τη μοντέρνα στη μεταμοντέρνα εποχή και απο το φιλελευθερισμό στη μαζική δημοκρατία /   |c Παναγιώτης Κονδύλης.  
250 |a 2η εκδ.  
260 |a Αθήνα :   |b Θεμέλιο,   |c 1991.  
300 |a 334 σ. ;   |c 21 εκ.  
490 1 |a (Ιστορική βιβλιοθήκη) 
500 |a Τίτλος πρωτοτύπου: Der Niedergang der burgerlichen Denk-und Lebensform : die liberale Moderne und die massendemokratische Postmoderne.  
650 0 0 |a Liberalism. 
650 0 0 |a Democracy. 
650 0 0 |a Political science  |x Philosophy. 
650 0 0 |a Aesthetics, Modern  |y 20th century. 
830 0 |a Ιστορική βιβλιοθήκη (Θεμέλιο (Εταιρεία)) 
852 |a INST  |b LESVOS  |e 19950220  |h 320.51 ΚΟΝ  |p 005100002860  |q 005100002860  |t BK  |y 0 
852 |a INST  |b RHODES  |e 19980529  |h 320.5 ΚΟΝ  |p 005400006557  |q 005400006557  |t BK  |y 0 
852 |a INST  |b RHODES  |e 19980603  |h 320.5 ΚΟΝ  |p 005400006596  |q 005400006596  |t BK  |y 0 
901 |a BIBL-1998-2 
922 |a 1ΕΛΗ  |b 199211  |c ΠΠ/2158 
922 |a 4ΕΛΗ  |b 199711  |c ΒΙΤΣΙΛΑΚΗ  |d EMVASIS 
922 |a 4ΕΛΗ  |b 199801  |c ΚΠΣ/ΔΕ  |d EMVASIS 
970 |z 1998/05/29